1805 1865 1155 1816 1104 1887 1821 1933 1034 1356 1032 1702 1967 1682 1750 1988 1650 1908 1142 1379 1551 1314 1141 1681 1388 1079 1172 1280 1251 1006 1841 1556 1847 1296 1185 1236 1942 1109 1796 1259 1826 1605 1120 1137 1847 1372 1138 1178 1391 1974 1150 1312 1760 1175 1211 1741 1774 1035 1231 1265 1316 1766 1566 1439 1418 1533 1623 1660 1267 1940 1270 1515 1025 1939 1724 1334 1842 1494 1043 1363 1346 1030 1741 1352 1526 1486 1971 1841 1553 1252 1984 1316 1686 1232 1744 1192 1491 1058 1913 BCNSPRNW ULIB Ver.6.0+V

เปลี่ยนเป็นภาษาไทย

Change to English
 แสดงรายละเอียดบรรณานุกรม
  กลับหน้าหลัก

Brief Record : Get Marc (ISO 2709) : E-mail record : QR code < ปิดหน้าต่าง
LEADER : 00000nam 2200000uu 4500
001    13399122500
003     ULIB
008    111207s2550||||th 000 0 tha d
020    ^a9789748041575
090    ^aนว.^bL271ส
100 0  ^aLucky
245 00 ^aสงครามแห่งรัก/^cLucky
250    ^aพิมพ์ครั้งที่ 1
260    ^aกรุงเทพฯ :^bSugar Beat,^c2550
300    ^a381 หน้า
710 1  ^aSugar Beat
945    ^p240^l0^i19959
995    ^aทศพร
999 ^a ทศพร
รายการนี้ยังไม่มีแท็ก
คุณยังไม่ได้ล็อกอิน คุณสามารถมีกิจกรรมร่วมกับเว็บไซต์ได้ แต่ต้องล็อกอินก่อน ::
  ล็อกอิน

รายการสื่อสารสนเทศ

ลำดับที่ ประเภท เลขเรียก/บาร์โค้ด สถานที่ สถานะ
1. นวนิยาย
นวนิยาย
นว. L271ส ฉ.1 
  Barcode: 19959
ห้องสมุดวิทยาเขตสวรรค์ประชารักษ์
►นวนิยาย
บนชั้น
  ขอยืม

รายการใกล้เคียง
    ผู้แต่ง [Lucky]

BibComment


ยังไม่เคยถูกคอมเมนท์

คอมเมนท์ทรัพยากรรายการนี้
  คอมเมนท์: สงครามแห่งรัก Lu..


 Copyright 2026. Bcnsprnw @Library